Allgemeinwissen leicht - Statistiken

Allgemein
  • Dieses Quiz wurde 750 mal gespielt
  • Das Durchschnittsergebnis liegt bei 20 aus 24
Antwortstatistiken
Frage Antwort % Korrekt
Aus wie vielen Bundesländern besteht Deutschland? 16
100%
Wie heißt der „Zeichentrickfilmelefant“ mit den großen Ohren Dumbo
100%
Was ist das Burj Khalifa in Dubai? Ein sehr hohes Gebäude
100%
Wie hieß der erste Hund im Weltall? Laika
100%
Welcher Fluss ist der längste der Welt? Nil
100%
Von welcher Band stammt das bekannte Lied "Let it be" (1970)? The Beatles
100%
Was bedeuten die berühmten Worte von Julius Caesar "Alea iacta est"? Der Würfel ist gefallen.
93%
Für was steht die Abkürzung "GmbH"? Gesellschaft mit beschränkter Haftung
93%
Wie hieß der erste deutsche Bundeskanzler? Konrad Adenauer
93%
Wie lautete der frühere Name Istanbul? Konstantinopel
93%
Aus welcher Stadt kommen die Beatles? Liverpool
93%
Welcher Schauspieler schaffte es in den USA bis zur Präsidentschaft? Ronald Reagan
93%
Ein Kubikmeter umfasst wie viel Liter? 1000 Liter
86%
Von wem stammt das Gemälde der Mona Lisa? Leonardo da Vinci
86%
Wie heißt Indiens Hauptstadt? Neu-Delhi
86%
Wie nennt sich die Währung in Russland? Rubel
86%
Welche Stadt benutzt das Autokennzeichen "FF"? Frankfurt / Oder
79%
Wer erfand die Jeans? Levi Strauss
79%
Welches Gebirge teilt Europa und Asien? Ural
79%
Welcher dieser vier Berge, ist der höchste Berg? Der Montblanc
71%
Wer wurde auch als "Eiserne Lady" bezeichnet? Margaret Thatcher
64%
Welches Sternzeichen hat jemand, der am 15. Mai geboren wurde? Stier
64%
Wer erfand den Heißluftballon? Gebrüder Montgolfier
50%
Wer schrieb den Roman „Moby Dick“? Herman Melvilles
43%
Keine übereinstimmenden Quizze gefunden
Verteilung der Resultate
Anzahl Personen mit jedem Resultat
Perzentil nach korrekt beantworteten Fragen
Ihre Resultats-Entwicklung
Sie haben dieses Quiz noch nicht gespielt